000 00629nam a2200193Ia 4500
005 20260120124624.0
008 008 260114s9999 xx 000 0 eng d
020 _a9780762312207
037 _aEBOOK
040 _aCRL
_beng
_cCRL
041 _aeng
_2eng
084 _qCRL
245 0 _aInternalization, International Diversification and the Multinational Enterprise: Essays in Honor of Alan M. Rugman
260 _bEmerald Publishing
_c2005
700 _aAlain Verbeke
_9908503
856 _uhttps://www.emerald.com/insight/publication/doi/10.1016/S1064-4857(2005)11
942 _cEBOOK
999 _c1500398
_d1500398